000
00218nam a2200085Ia 4500
245
0
_a
The return
100
_a
HISLOP, Victoria Leicester, 2009
_9
78556
942
_c
BK
008
210819s9999 xx 000 0 und d
999
_c
271746
_d
271745